00447nam a2200145Ia 4500008004100000020001800041082000900059100002500068245003100093260004800124300000900172942001700181952008800198999001500286250731s9999 xx 000 0 und d a9632354635365 a YAS aYASMA/ H DH KURINBI 0a Pareenge Raaneeaai Dheyoa a"Male', Maldives"bDhagatha publitionc2012 a52p. iYAScTN6YAS 94293aKFPLbKFPLcDHId2025-07-31l0o YASpKL-2024-001655r2025-07-31 12:37:59yTN c3976d3976